Geografické štúdie

Enregistré dans:
Détails bibliographiques
Format: Publication en série
Langue:slovaque
Publié: Nitra Univerzita Konštantína Filozofa v Nitre 2011
Tags: Ajouter un tag
Pas de tags, Soyez le premier à ajouter un tag!

MARC

LEADER 00000nas2a2200000 4500
001 0158255
005 20180116105920.4
022 |a 1337-9445 
041 0 |a slo 
044 |a SK 
245 1 0 |a Geografické štúdie 
264 1 |a Nitra  |b Univerzita Konštantína Filozofa v Nitre  |c 2011 
773 0 |w eu_un_cat*0146251 
774 0 |w eu_un_cat*0212207